Análisis de casos prototipos arquitectónicos de la Región del Caribe
Salvato in:
| Autore principale: | |
|---|---|
| Natura: | Libro |
| Lingua: | Spanish |
| Pubblicazione: |
[San José, Costa Rica] : [Universidad de Costa Rica, Facultad de Ingeniería, Instituto de Investigaciones en Ingeniería]
[200?]
|
| Tags: |
Aggiungi Tag
Nessun Tag, puoi essere il primo ad aggiungerne!!
|
MARC
| LEADER | 00000nam a2200000Ia 4500 | ||
|---|---|---|---|
| 003 | PI0065 | ||
| 005 | 20240424103751.0 | ||
| 008 | 140114s200? cr 000 ||spa d | ||
| 040 | |c cru CEDI | ||
| 100 | |a Solís Umaña, Eugenia, 1953- |9 2936 | ||
| 245 | |a Análisis de casos prototipos arquitectónicos de la Región del Caribe | ||
| 260 | |a [San José, Costa Rica] : [Universidad de Costa Rica, Facultad de Ingeniería, Instituto de Investigaciones en Ingeniería] |c [200?] | ||
| 500 | |a Informe Final No.731-A9-037 | ||
| 942 | |c PI |h PI -65 |i PI0065 |6 PI_65_PI0065 | ||
| 999 | |c 13089 |d 13089 | ||
